Emperyal bir araç olarak Rum-Pontus sorunu (1908-1918) (Record no. 200002388)

MARC details
000 -LEADER
fixed length control field 00830 a2200265 4500
001 - CONTROL NUMBER
control field 200002388
003 - CONTROL NUMBER IDENTIFIER
control field TR-AnTOB
005 - DATE AND TIME OF LATEST TRANSACTION
control field 20240905134632.0
008 - FIXED-LENGTH DATA ELEMENTS--GENERAL INFORMATION
fixed length control field 110721s2010 tu 000 0
020 ## - INTERNATIONAL STANDARD BOOK NUMBER
International Standard Book Number 9789752673250
040 ## - CATALOGING SOURCE
Original cataloging agency TR-AnTOB
Transcribing agency TR-AnTOB
041 ## - LANGUAGE CODE
Language code of text/sound track or separate title Türkçe
050 ## - LIBRARY OF CONGRESS CALL NUMBER
Classification number DR476
Item number D85 2010
090 ## - LOCALLY ASSIGNED LC-TYPE CALL NUMBER (OCLC); LOCAL CALL NUMBER (RLIN)
Classification number (OCLC) (R) ; Classification number, CALL (RLIN) (NR) DR476.D85 2010
100 ## - MAIN ENTRY--PERSONAL NAME
Personal name Duman, Ömer
9 (RLIN) 71487
245 #0 - TITLE STATEMENT
Title Emperyal bir araç olarak Rum-Pontus sorunu (1908-1918)
Statement of responsibility, etc. Dr. Ömer Duman.
264 #1 - PRODUCTION, PUBLICATION, DISTRIBUTION, MANUFACTURE, AND COPYRIGHT NOTICE
Place of production, publication, distribution, manufacture Ankara :
Name of producer, publisher, distributor, manufacturer Berikan Yayınevi,
Date of production, publication, distribution, manufacture, or copyright notice 2010.
300 ## - PHYSICAL DESCRIPTION
Extent vi, 194 s.:
Dimensions 24 cm.
650 #7 - SUBJECT ADDED ENTRY--TOPICAL TERM
Topical term or geographic name entry element Yunanlılar
Geographic subdivision Türkiye
General subdivision Tarih
Chronological subdivision 20. yüzyıl
Source of heading or term etuturkob
9 (RLIN) 12751
651 #0 - SUBJECT ADDED ENTRY--GEOGRAPHIC NAME
Geographic name Turkey
General subdivision History
Chronological subdivision Revolution, 1918-1923
9 (RLIN) 41590
Geographic name Karadeniz Sahili (Türkiye)
General subdivision Tarih
Source of heading or term etuturkob
9 (RLIN) 89895
Geographic name Pontus
General subdivision Tarih
Source of heading or term etuturkob
9 (RLIN) 13779
942 ## - ADDED ENTRY ELEMENTS (KOHA)
Koha item type Book
Source of classification or shelving scheme Library of Congress Classification
Holdings
Withdrawn status Lost status Source of classification or shelving scheme Not for loan Collection code Home library Current library Shelving location Date acquired Source of acquisition Inventory number Total Checkouts Total Renewals Total Holds Full call number Barcode Date last seen Date last checked out Copy number Date shelved Koha item type
    Library of Congress Classification Ödünç Verilebilir / Available Genel Koleksiyon Merkez Kütüphane Merkez Kütüphane Genel Koleksiyon / Main Collection 20/10/2010 Bağış / Donation TAR 1 2   DR476 .D85 2010 0034687 08/06/2018 20/10/2017 1 20/10/2010 Book
Devinim Yazılım Eğitim Danışmanlık tarafından Koha'nın orjinal sürümü uyarlanarak geliştirilip kurulmuştur.